Фрески Дионисия | Тетрадь для юношества (Запись № 13550547)
[ простой вид ]
| 000 -МАРКЕР | |
|---|---|
| контрольное поле | 03077njm0a2200505 4500 |
| 001 - ИДЕНТИФИКАТОР ЗАПИСИ | |
| контрольное поле | RU\NLR\ONIZ\307594 |
| 005 - ИДЕНТИФИКАТОР ВЕРСИИ | |
| контрольное поле | 20260215045246.0 |
| 035 ## - ДРУГИЕ СИСТЕМНЫЕ НОМЕРА | |
| Идентификатор записи | (NLR Aleph) 022722383 |
| 071 00 - ИЗДАТЕЛЬСКИЙ НОМЕР | |
| Номер, присвоенный агентством | А10 00071-2 004 |
| 100 ## - ДАННЫЕ ОБЩЕЙ ОБРАБОТКИ | |
| Данные общей обработки | 20250425d1984 u y0rusy50 ca |
| 102 ## - СТРАНА ПУБЛИКАЦИИ ИЛИ ПРОИЗВОДСТВА | |
| Страна публикации | российская федерация |
| 126 ## - ПОЛЕ КОДИРОВАННЫХ ДАННЫХ: ЗВУКОЗАПИСИ - ФИЗИЧЕСКИЕ ХАРАКТЕРИСТИКИ | |
| Кодированные данные звукозаписи (общие) | abbxexu ux |
| Кодированные данные звукозаписи (уточнения) | xxx |
| 127 ## - ПОЛЕ КОДИРОВАННЫХ ДАННЫХ: ПРОДОЛЖИТЕЛЬНОСТЬ ЗВУКОЗАПИСЕЙ И НОТНЫХ ИЗДАНИЙ (МУЗЫКАЛЬНОЕ ИСПОЛНЕНИЕ) | |
| Продолжительность | 004200 |
| 145 0# - ПОЛЕ КОДИРОВАННЫХ ДАННЫХ: СРЕДСТВО ИСПОЛНЕНИЯ МУЗЫКАЛЬНОГО ПРОИЗВЕДЕНИЯ (УСТАРЕВШЕЕ) | |
| Тип средства исполнения | b |
| 200 1# - ЗАГЛАВИЕ И СВЕДЕНИЯ ОБ ОТВЕТСТВЕННОСТИ | |
| Основное заглавие | Фрески Дионисия |
| Общее обозначение материала | Звукозапись |
| Сведения, относящиеся к заглавию | для 9 инструментов |
| Основное заглавие | Тетрадь для юношества |
| Сведения, относящиеся к заглавию | 15 пьес для фортепиано |
| Первые сведения об ответственности | Р. Щедрин |
| Последующие сведения об ответственности | исполняют: Родион Щедрин, фортепиано (2), ансамбль солистов оркестра Большого тестра СССР, дирижер Александр Лазарев (1) |
| 203 ## - ВИД СОДЕРЖАНИЯ И ТИП СРЕДСТВА | |
| Вид содержания | Музыка |
| Дополнительные сведения об издании | исполнительская |
| Тип средства | аудио |
| 210 ## - ПУБЛИКАЦИЯ, РАСПРОСТРАНЕНИЕ И ДР. | |
| Место издания, распространения и т.д. | Москва |
| Имя издателя, распространителя и т. д. | Мелодия |
| Имя изготовителя | Опытный завод "Грамзапись" |
| Дата издания, распространения и т.д. | [1984] |
| Место изготовления | Москва |
| 215 ## - ФИЗИЧЕСКАЯ ХАРАКТЕРИСТИКА | |
| Специфическое обозначение материала и объем | 1 грп. [ГОСТ 5289-80] (42 мин) : 33 об/мин, стерео |
| Размеры | 30 см, в конв. |
| 300 ## - ОБЩИЕ ПРИМЕЧАНИЯ | |
| Текст примечания | Запись 1983 г. (цифровая) |
| 300 ## - ОБЩИЕ ПРИМЕЧАНИЯ | |
| Текст примечания | Коммент. на конв. |
| 600 #1 - ИМЯ ЛИЦА КАК ПРЕДМЕТ | |
| Начальный элемент ввода | Дионисий |
| Даты | около 1440—1503/08 |
| Дополнения к именам, кроме дат | иконописец |
| Тематический подзаголовок | Музыкальные интерпретации |
| Формальный подзаголовок | Звукозапись |
| Код системы | nlr_sh |
| -- | ba |
| 606 1# - НАИМЕНОВАНИЕ ТЕМЫ КАК ПРЕДМЕТ | |
| Наименование темы | Композиторы советские и российские |
| Хронологический подзаголовок | 20-21 вв. |
| Формальный подзаголовок | Звукозапись |
| Код системы | nlr_sh |
| 606 1# - НАИМЕНОВАНИЕ ТЕМЫ КАК ПРЕДМЕТ | |
| Наименование темы | Камерно-инструментальная музыка советская |
| Хронологический подзаголовок | 20 в. |
| Формальный подзаголовок | Звукозапись |
| Код системы | nlr_sh |
| 606 1# - НАИМЕНОВАНИЕ ТЕМЫ КАК ПРЕДМЕТ | |
| Наименование темы | Фортепианная музыка советских и российских композиторов |
| Хронологический подзаголовок | 20-21 вв. |
| Формальный подзаголовок | Звукозапись |
| Код системы | nlr_sh |
| 606 1# - НАИМЕНОВАНИЕ ТЕМЫ КАК ПРЕДМЕТ | |
| Наименование темы | Фортепианные циклы для детей |
| Формальный подзаголовок | Звукозапись |
| Код системы | nlr_sh |
| 606 1# - НАИМЕНОВАНИЕ ТЕМЫ КАК ПРЕДМЕТ | |
| Наименование темы | Дирижёры советские и российские |
| Хронологический подзаголовок | 20-21 вв. |
| Формальный подзаголовок | Звукозапись |
| Код системы | nlr_sh |
| -- | ca |
| 606 1# - НАИМЕНОВАНИЕ ТЕМЫ КАК ПРЕДМЕТ | |
| Наименование темы | Ансамбли инструментальные |
| Географический подзаголовок | СССР |
| Хронологический подзаголовок | 20 в. |
| Формальный подзаголовок | Звукозапись |
| Код системы | nlr_sh |
| -- | ca |
| 606 1# - НАИМЕНОВАНИЕ ТЕМЫ КАК ПРЕДМЕТ | |
| Наименование темы | Пианисты советские и российские |
| Хронологический подзаголовок | 20-21века |
| Формальный подзаголовок | Звукозапись |
| Код системы | nlr_sh |
| 686 0# - ИНДЕКСЫ ДРУГИХ КЛАССИФИКАЦИЙ | |
| Индекс | Щ952.12-059(2) |
| 686 0# - ИНДЕКСЫ ДРУГИХ КЛАССИФИКАЦИЙ | |
| Индекс | Щ954.2-054(2) |
| 686 0# - ИНДЕКСЫ ДРУГИХ КЛАССИФИКАЦИЙ | |
| Индекс | Щ98(2) |
| 700 #1 - ИМЯ ЛИЦА - ПЕРВИЧНАЯ ОТВЕТСТВЕННОСТЬ | |
| Системный номер авторитетной/нормативной записи | z01790 |
| Начальный элемент ввода | Щедрин |
| Часть имени, кроме начального элемента ввода | Р. К. |
| Даты | 1932-2025 |
| Расширение инициалов личного имени | Родион Константинович |
| Код отношения | Композитор |
| Графика поля | Кириллица |
| 702 #1 - ИМЯ ЛИЦА - ВТОРИЧНАЯ ОТВЕТСТВЕННОСТЬ | |
| Системный номер авторитетной/нормативной записи | z02790 |
| Начальный элемент ввода | Лазарев |
| Часть имени, кроме начального элемента ввода | А. Н. |
| Дополнения к именам, кроме дат | дирижёр |
| Даты | 1945- |
| Расширение инициалов личного имени | Александр Николаевич |
| Код отношения | Дирижер, Руководитель оркестра |
| Графика поля | Кириллица |
| 712 02 - НАИМЕНОВАНИЕ ОРГАНИЗАЦИИ - ВТОРИЧНАЯ ОТВЕТСТВЕННОСТЬ | |
| Начальный элемент ввода | Ансамбль солистов оркестра Большого театра СССР |
| Код отношения | Исполнитель |
| Графика поля | Кириллица |
| 790 #1 - ИМЯ ЛИЦА - АЛЬТЕРНАТИВНАЯ ФОРМА | |
| Системный номер авторитетной/нормативной записи | z01700 |
| Начальный элемент ввода | Ščedrin |
| Часть имени, кроме начального элемента ввода | R. K. |
| Даты | 1932-2025 |
| Расширение инициалов личного имени | Rodion Konstantinovič |
| Код отношения | Композитор |
| Графика поля | Латинская |
| 790 #1 - ИМЯ ЛИЦА - АЛЬТЕРНАТИВНАЯ ФОРМА | |
| Системный номер авторитетной/нормативной записи | z02702 |
| Начальный элемент ввода | Lazarev |
| Часть имени, кроме начального элемента ввода | A. |
| Дополнения к именам, кроме дат | conductor |
| Даты | 1945- |
| Расширение инициалов личного имени | Aleksandr |
| Код отношения | Дирижер, Руководитель оркестра |
| Графика поля | Латинская |
| 801 #0 - ИСТОЧНИК ЗАПИСИ | |
| Страна | российская федерация |
| Организация | NLR |
| Дата составления | 20250425 |
| Правила каталогизации | PSBO |
| 801 #1 - ИСТОЧНИК ЗАПИСИ | |
| Страна | российская федерация |
| Организация | NLR |
| Дата составления | 20250425 |
| Источник данных | rusmarc |
| 801 #2 - ИСТОЧНИК ЗАПИСИ | |
| Страна | российская федерация |
| Организация | NLR |
| Дата составления | 20260114 |
| 852 ## - МЕСТОНАХОЖДЕНИЕ И ШИФР ХРАНЕНИЯ | |
| Идентификатор организации | NLR |
| Префикс шифра хранения | Мг |
| Шифр хранения (Call Number) | 3/10252 |
| Идентификатор единицы | 44288 |
| Номер экземпляра | 1 |
| 942 ## - ДОПОЛНИТЕЛЬНЫЕ ЭЛЕМЕНТЫ ЗАПИСИ (АБИС) | |
| Тип экземпляра АБИС | Звукозапись |
| 980 ## - КОЛЛЕКЦИЯ | |
| Название коллекции | Отдел нот и звукозаписей |
| 980 ## - КОЛЛЕКЦИЯ | |
| Название коллекции | Национальная библиография |
Нет доступных экземпляров.